| 000 | 01524cad a22002655a 4500 | ||
|---|---|---|---|
| 001 | E148956 | ||
| 008 | 091203s2009 xxk f s000 0 eng d | ||
| 020 | _a9780755977116 | ||
| 035 | _a(Sirsi) u148956 | ||
| 041 | 0 | _aeng | |
| 050 | 0 | 4 | _a306.1 $2 18 |
| 100 | 2 | _aRobertson, Lucy | |
| 245 | 0 | 0 |
_aPrivate sector housing issues _bHousing (Scotland) Bill, an analysis of consultation responses _h[electronic resource] |
| 260 |
_aEdinburgh _bScottish Government Social Research _c2009 |
||
| 505 | 2 | _aIntroduction -- Part 1, landlord registration -- Part 2, licensing of houses in multiple occupation -- Part 3, matters arising from implementation of local authority powers in the Housing (Scotland) Act 2006 -- Equalities impact assessment -- Tables -- Appendices | |
| 520 | _aAnalyses responses to the Scottish Government's July 2009 consultation on private sector housing issues for possible inclusion in the draft Housing (Scotland) Bill. The proposals concentrated on on three areas: landlord registration, HMO licensing and local authorities' powers to deal with disrepair in privately owned houses. See E147969 for the original consultation. | ||
| 521 | _aAdvanced | ||
| 590 | _aKA | ||
| 650 | 2 | 4 | _aHOUSING SCOTLAND BILL |
| 651 | 4 |
_aScotland _y1999- |
|
| 690 | _aPROPERTY-RESIDENTIAL PROPERTY-DOMESTIC RESIDENTIAL PROPERTY-HOUSING | ||
| 700 | 1 | _aCampbell, Murray | |
| 856 | 4 | 0 |
_uhttps://www.scotland.gov.uk/Publications/2009/12/02095414/0 _zView the report free of charge at www.scotland.gov.uk... |
| 942 | _n0 | ||
| 999 |
_c110303 _d110303 |
||